Desnutrición, pobreza e inteligencia / (Record no. 9127)

000 -CABECERA
fixed length control field 00892nam a22002057a 4500
003 - IDENTIFICADOR DEL NÚMERO DE CONTROL
control field AR-CdUCM
008 - DATOS DE LONGITUD FIJA--INFORMACIÓN GENERAL
fixed length control field 190327b ||||| |||| 00| 0 spa d
040 ## - FUENTE DE LA CATALOGACIÓN
Agencia/entidad que catalogó originalmente la obra MUNICIPALIDAD PROVINCIAL DEL CUSCO
Entidad que transcribió la catalogación BIBLIOTECA MUNICIPAL DEL CUSCO
082 ## - NÚMERO DE LA CLASIFICACIÓN DECIMAL DEWEY
No. de la edición 2ed.
No. de Clasificación 153.909 /
Notacion interna P75
100 ## - ENTRADA PRINCIPAL--NOMBRE DE PERSONA
Nombre Personal Pollitt, Ernesto
245 ## - MENCIÓN DE TÍTULO
Título Desnutrición, pobreza e inteligencia /
260 ## - PUBLICACIÓN, DISTRIBUCIÓN, ETC.
Lugar de publicación, distribución, etc. Lima :
Nombre de la editorial, distribuidor, etc. Universitaria,
Fecha de publicación, distribución, etc. 2007.
300 ## - DESCRIPCIÓN FÍSICA
Nº de Páginas Extensión 131 páginas ;
Dimensiones 21 cm..
505 ## - NOTA DE CONTENIDO CON FORMATO
Nota de contenido formateada Desarrollo mental y motor de niños peruanos tratados de desnutrición severa -- Ecología desnutrición y desarrollo mental -- Correlatos biológicos y sociales de la talla en niños de las barriadas de Lima -- Desnutrición, antecedentes bio-sociales y desarrollo cognoscitivo...
650 ## - PUNTO DE ACCESO ADICIONAL DE MATERIA--TÉRMINO DE MATERIA
Descriptor Psicología.
9 (RLIN) 1538
650 ## - PUNTO DE ACCESO ADICIONAL DE MATERIA--TÉRMINO DE MATERIA
Descriptor Desnutrición.
9 (RLIN) 25146
650 ## - PUNTO DE ACCESO ADICIONAL DE MATERIA--TÉRMINO DE MATERIA
Descriptor Desarrollo infantil.
9 (RLIN) 25147
942 ## - ELEMENTOS DE PUNTO DE ACCESO ADICIONAL (KOHA)
Fuente de clasificación
Tipo de item Libros-BMC
945 ## - PROCESAMIENTO DE INFORMACIÓN LOCAL (OCLC)
Catalogador wfj
Holdings
Estado de retiro (separado) Fuente de clasificación o esquema de estanterías Estado dañado Ubicación Sala donde se ubica Nombre de la colección Fecha de adquisición o compra Costo, precio normal en soles Signatura topográfica Código de Barras Última vez visto (Koha) Tipo de ítem (Koha)
No     Sala Humanidades Sala Humanidades Book Cart 2019-03-27 25.00 153.909 / P75 SH0000009849 2019-03-27 Libros-BMC

Powered by Koha